000 00260nam a2200109Ia 4500
008 200302s9999 xx 000 0 und d
100 _aNicola Kearton
245 _aArt & Cultural Difference
260 _bAcademy Group Ltd.
260 _c1995
300 _a96 P.,
999 _c2442
_d2442